Helping others with DEPRESSION - WORDS TO SAY, THING TO DO

Bibliographic Details
Main Author: Noonan, Susan (Author)
Format: Book
Published: Baltimore : JOHNS HOPKINS UNIVERSITY PRESS 2021
Subjects:

MARC

LEADER 00000cam a2200000 7i4500
001 0000287607
005 20240403142242.0
006 a ### ###
007 t
008 220418s2021 eng
020 |a 9781421439303 
040 |a MBPJ   |b eng   |c MBPJ   |e rda 
090 0 0 |a 616.8527   |b NOO 
100 1 |a Noonan, Susan ,   |e author 
245 1 0 |a Helping others with DEPRESSION - WORDS TO SAY, THING TO DO   |c Susan J. Noonan 
264 1 |a Baltimore :   |b JOHNS HOPKINS UNIVERSITY PRESS   |c 2021 
300 |a 256 pages ;   |c 26 cm. 
336 |a text  |2 rdacontent 
337 |a unmediated  |2 rdamedia 
338 |a volume  |2 rdacarrier 
650 0 |a Depression, Mental 
650 0 |a Depression, Mental   |x Treatment 
999 |a 00388828   |b BUKU   |c PINJAMAN   |e PERPUSTAKAAN KOMUNITI PETALING JAYA